000 01151nam a2200265 a 4500
999 _c1528
_d1528
001 1375462
003 CoMeUDC
005 20220429171351.0
008 130126s2012 ck gr 000 0dspa d
020 _a9789587382419
040 _aCO-BoBLA
_bspa
_cCO-UdeC
041 0 _aspa
082 0 4 _a347.09
_bZ94
100 _aZuleta, Eduardo
_d1862-1937.
_92042
245 1 3 _aEl concepto de laudo arbitral /
_cEduardo Zuleta.
260 _aBogotá :
_bEditorial Universidad del Rosario,
_c2012.
300 _axii, 92 p. ;
_c24 cm.
490 0 _aColección textos de jurisprudencia
504 _aIncluye bibliografía.
505 _aEl concepto de cosa juzgada -- La cosa juzgada y el arbitraje -- La clasificación de las decisiones de los árbitros; los laudos finales, parciales interinos -- La clasificación de los laudos y la cosa juzgada -- Los estándares variantes para el reconocimiento y ejecución -- Laudos nacionales y extranjeros -- Laudos no-nacionales -- Laudos a-nacionales -- Conclusiones -- Bibliografía
650 _aArbitraje internacional.
650 4 _aLaudo arbitral.
650 4 _aArbitros (Derecho)
942 _2ddc
_cBK